Car Models 12 - Statistics

General Stats
  • This quiz has been taken 26 times
  • The average score is 8 of 16
Answer Stats
Picture Answer % Correct
Ferrari F50
90%
Bentley Bentayga
80%
Audi 80
70%
Porsche 911 GT3
70%
Volkswagen Golf MK5 GTI
70%
Mazda 3
65%
Opel Insignia
65%
Volvo S60
60%
Lancia Delta
50%
Nissan Qashqai
50%
Ford Kuga
45%
Hennessey Venom
35%
Infiniti Q70
30%
Tatra 603
25%
MG MGB
15%
Smart Forfour
15%
No matching quizzes found
Score Distribution
Percent of People with Each Score
Percentile by Number Answered
Your Score History
You have not taken this quiz